| 000 | 00793nam a2200253Ia 4500 | ||
|---|---|---|---|
| 003 | OSt | ||
| 005 | 20220918164530.0 | ||
| 006 | a|||||r|||| 00| 0 | ||
| 007 | ta | ||
| 008 | 220917b |||||||| |||| 00| 0 eng d | ||
| 020 |
_a0674399749 (pbk) _c1450.22 |
||
| 024 | _a239,773 | ||
| 037 |
_b248, 26/08/2009, Bharatiya Sahitya Bhavana _cTextual |
||
| 040 |
_aARTS _cARTS _beng |
||
| 041 |
_2eng _aeng |
||
| 082 | _aY:356.3, P3.3 | ||
| 100 |
_aChartier Roger Ed. _919381 |
||
| 245 | 0 | _aPassions of the renaissance | |
| 260 |
_aCambridge _bHarvard University Press _c2003 |
||
| 490 |
_vVol.3 _aHistory of private life |
||
| 650 | _aSOCIOLOGY | ||
| 942 |
_hY:356.3, P3.3 _cTEXL _2CC |
||
| 999 |
_c125234 _d125234 |
||